|
|
|
|
| LEADER |
01448nam a2200289 a 4500 |
| 001 |
12549947 |
| 008 |
100124s2000 bg ab b 100 0 eng d |
| 010 |
|
|
|a \\2001361297
|
| 020 |
|
|
|a 984311082X
|
| 040 |
|
|
|a DLC
|c DLC
|d BD-DhAAL
|
| 082 |
0 |
0 |
|a 363.7/0095492
|2 21
|
| 111 |
2 |
|
|a International Conference on Bangladesh Environment-2000
|d (2000 :
|c Dhaka, Bangladesh)
|
| 245 |
1 |
0 |
|a Bangladesh environment 2000 :
|b a compilation of papers of the International Conference on Bangladesh Environment-2000 (ICBEN-2000) submitted by the authors in complete form /
|c edited by M. Feroze Ahmed.
|
| 246 |
3 |
|
|a Bangladesh environment two thousand
|
| 260 |
|
|
|a Dhaka :
|b Bangladesh Poribesh Andolon,
|c 2000.
|
| 300 |
|
|
|a xiv, 709 p. :
|b ill., maps :
|c 23 cm.
|
| 500 |
|
|
|a "Jointly organized by Poribesh Rokkha Shopoth (POROSH)...and others in Dhaka, 14-15 January 2000"--T.p. verso.
|
| 504 |
|
|
|a Includes bibliographical references.
|
| 541 |
1 |
|
|e 00007897
|
| 650 |
|
0 |
|a Environmental policy
|z Bangladesh
|v Congresses.
|
| 651 |
|
0 |
|a Bangladesh
|x Environmental conditions
|v Congresses.
|
| 700 |
1 |
|
|a Ahmed, M. Feroze.
|
| 710 |
2 |
|
|a Bangladesh Poribesh Andolon.
|
| 710 |
2 |
|
|a Poribesh Rokkha Sopoth (Organization : Bangladesh)
|
| 852 |
4 |
|
|a Ayesha Abed Library
|j General shelf
|
| 999 |
|
|
|c 7141
|d 7141
|
| 952 |
|
|
|0 0
|1 0
|2 ddc
|4 0
|6 363_700954920000000_BAN_2000
|7 0
|9 7418
|a BRACUL
|b BRACUL
|c GEN
|d 2010-01-25
|l 4
|m 23
|o 363.70095492 BAN
|p 3010007897
|r 2022-11-28
|s 2022-11-21
|t 1
|w 2010-01-25
|y BK
|